LEADER 01608nam a2200289 a 4500 001 991001795929707536 008 120806s it 001 0 eng d 035 $ab14071976-39ule_inst 040 $aDip.to Beni Culturali$bita 100 1 $aMartinelli, Maria Clara$0288427 245 10$aArcheologia delle Isole Eolie: $bil villaggio dell'Età del Bronzo Medio di Portella a Salina: $bricerche 2006 e 2008 /$cMaria Clara Martinelli 260 $a[Milazzo]: $bRebus, $c2010 300 $a322 p. :$bill. ;$c29 cm. 500 $aSul front. dopo il tit.: In omaggio a Luigi Bernabò Brea nel centenario della sua nascita 504 $aContiene bibliografia: pp. [301]-310 650 4$aScavi archeologici$zSanta Maria Salina (Messina) 650 4$aEtà del Bronzo$xScavi archeologici$zSanta Maria Salina (Messina) 907 $a.b14071976$b02-04-14$c06-08-12 912 $a991001795929707536 945 $aLE001 AR VII 269 4°$g5$i2001000174935$lle001$op$pE37.50$q-$rl$s- $t0$u0$v0$w0$x0$y.i15438338$z06-08-12 945 $aLE001 AR VII 269 4$g1$i2001000174690$lle001$op$pE37.50$q-$rl$s- $t0$u0$v0$w0$x0$y.i15480409$z06-02-13 945 $aLE001 AR VII 269 4$g1$i2001000174683$lle001$op$pE37.50$q-$rl$s- $t0$u0$v0$w0$x0$y.i15480422$z06-02-13 945 $aLE001 AR VII 269 4$g1$i2001000174676$lle001$op$pE37.50$q-$rl$s- $t0$u0$v0$w0$x0$y.i15480446$z06-02-13 945 $aLE001 AR VII 269 4$g1$i2001000174928$lle001$op$pE37.50$q-$rl$s- $t0$u0$v0$w0$x0$y.i15480458$z06-02-13 996 $aArcheologia delle Isole Eolie$9240307 997 $aUNISALENTO 998 $ale001$b06-08-12$cm$da $e-$fita$git $h0$i0 LEADER 01697nas 2200469-a 450 001 996214262603316 005 20240413013921.0 035 $a(CKB)1000000000326724 035 $a(CONSER)--2007316428 035 $a(EXLCZ)991000000000326724 100 $a20070413a20069999 -a- - 101 0 $aeng 181 $ctxt$2rdacontent 182 $cc$2rdamedia 183 $acr$2rdacarrier 200 00$aAsia-Pacific management accounting journal 210 $aShah Alam, Selangor, Malaysia $cJointly published by APMAA and Faculty of Accountancy, Universiti Teknologi MARA$d[2006]- 215 $a1 online resource 300 $aRefereed/Peer-reviewed 311 08$aPrint version: Asia-Pacific management accounting journal. 1675-3194 (DLC) 2007316428 (OCoLC)123050597 517 3 $aJournal 517 1 $aAPMAJ 606 $aManagerial accounting$zPacific Area$vPeriodicals 606 $aManagerial accounting$zEast Asia$vPeriodicals 606 $aManagerial accounting$zSoutheast Asia$vPeriodicals 606 $aManagerial accounting$2fast$3(OCoLC)fst01007320 607 $aEast Asia$2fast 607 $aPacific Area$2fast 607 $aSoutheast Asia$2fast 608 $aPeriodicals.$2fast 608 $aPeriodicals.$2lcgft 615 0$aManagerial accounting 615 0$aManagerial accounting 615 0$aManagerial accounting 615 7$aManagerial accounting. 712 02$aAsia-Pacific Management Accounting Association. 712 02$aUniversiti Teknologi MARA.$bFaculty of Accountancy. 906 $aJOURNAL 912 $a996214262603316 920 $aexl_impl conversion 996 $aAsia-Pacific management accounting journal$92419460 997 $aUNISA